RICS campaign leads to UK GMO register (Record no. 66184)

MARC details
000 -LEADER
fixed length control field 00711cam a2200205 4500
001 - CONTROL NUMBER
control field WB3708-23
008 - FIXED-LENGTH DATA ELEMENTS--GENERAL INFORMATION
fixed length control field 000000n2001 000 0 eng u
035 ## - SYSTEM CONTROL NUMBER
System control number (Sirsi) u111094
245 ## - TITLE STATEMENT
Title RICS campaign leads to UK GMO register
260 ## - PUBLICATION, DISTRIBUTION, ETC.
Date of publication, distribution, etc. 2001
490 ## - SERIES STATEMENT
Series statement RICS Press Release
Volume/sequential designation (pr019) 16 February 2001, 2
520 ## - SUMMARY, ETC.
Summary, etc. The role of the RICS in campaigning for the introduction of the EU directive requiring member states to set up public registers recording the location of all GM crops, is highlighted
590 ## - LOCAL NOTE (RLIN)
Local note WB
650 ## - SUBJECT ADDED ENTRY--TOPICAL TERM
Topical term or geographic name entry element RICS
650 ## - SUBJECT ADDED ENTRY--TOPICAL TERM
Topical term or geographic name entry element EU DIRECTIVE
650 ## - SUBJECT ADDED ENTRY--TOPICAL TERM
Topical term or geographic name entry element GENETICALLY MODIFIED CROPS
650 ## - SUBJECT ADDED ENTRY--TOPICAL TERM
Topical term or geographic name entry element PUBLIC REGISTERS
690 ## - LOCAL SUBJECT ADDED ENTRY--TOPICAL TERM (OCLC, RLIN)
Topical term or geographic name as entry element RURAL-AGRICULTURE AND FORESTRY
942 ## - ADDED ENTRY ELEMENTS (KOHA)
Suppress in OPAC 0
Holdings
Withdrawn status Lost status Source of classification or shelving scheme Damaged status Not for loan Home library Current library Shelving location Date acquired Total Checkouts Full call number Barcode Date last seen Copy number Price effective from Koha item type
    Dewey Decimal Classification     London London News article 21/02/2001   WB3708-23 111094-1001 06/08/2019 1 06/08/2019 News article
    Dewey Decimal Classification     London London News article 22/02/2001   WB3708-23 111094-1002 06/08/2019 2 06/08/2019 News article